000 01951nab a2200313 a 4500
005 20210219162148.0
008 991125s1985 mx 000 0 spa u
035 _aUPN01000198837
049 _aART-E
100 1 _aGarcía Selgas, Fernando J.
100 1 _ufgselgas@ucm.es
100 1 _aGarcía Olivares, Antonio
222 _aATHENEA DIGITAL: REVISTA DE PENSAMIENTO E INVESTIGACION SOCIAL
245 _aHacia la elaboración de modelos de la fluidez social I : Teoría de la fluidez social y teorías de la complejidad
260 _aEspaña
300 _a203-226
362 0 _a2014 Vol. 14, no. 2
520 3 _aEn las últimas décadas, diferentes autores han argumentado la conveniencia de describir los elementos fundamentales de las sociedades contemporáneas como fluidificados. Ello ha conducido a que se vaya elaborando un modelo teórico de la fluidez social, que necesita ser perfilado y completado. Este trabajo, que se complementa con una segunda parte, tiene como objetivo construir las bases necesarias para hacer empíricamente aplicable dicho modelo teórico. Para ello, se revisan los principales conceptos que las llamadas “Teorías de la Complejidad” han utilizado al modelar procesos complejos en otros campos de la ciencia; se señalan las limitaciones que estas teorías tienen a la hora de modelar la complejidad característica de la fluidez de las sociedades contemporáneas y se discute el modo como esos conceptos deberían ser modificados o ampliados para poder ser útiles en el marco de una teoría de la fluidez social.
653 0 _aTEORIA DE LA FLUIDEZ SOCIAL
653 0 _aMODELOS
653 0 _aTEORIA DE LA COMPLEJIDAD
653 0 _aSOCIEDAD
856 4 _uhttp://atheneadigital.net/article/view/v14-n2-garcia-selgas/pdf
905 _aArticulo
336 _atexto$2rdacontent
337 _acomputadora$2rdamedia
338 _arecurso en linea$2rdacarrier
999 _c170938
_d170938